De verbo incarnato : commentarius in tertiam partem S. Thomae /

Kaydedildi:
Detaylı Bibliyografya
Yazar: Billot, Louis (autor)
Materyal Türü: Kitap
Dil:Latince
Edisyon:4a edición
Konular:
Etiketler: Etiketle
Etiket eklenmemiş, İlk siz ekleyin!

MARC

LEADER 00000nam^a2200000^a^4500
001 000380695
005 20250526000000.0
009 20260310120614.965
037 |a Acervo Xavier Clavigero 
041 |a LAT 
082 |a 186. 4  |b AQU EST BIL 
100 |a Billot, Louis  |e (autor) 
245 1 0 |a De verbo incarnato :  |b commentarius in tertiam partem S. Thomae /  |c L. Billot. 
250 |a 4a edición  |b aumentada 
264 |a Roma, Italia :  |b Iuvenum Opificum a S. Iosepho,  |c 1904 
300 |a 610 p. ;  |c 21.5 cm. 
336 |a texto  |b txt  |2 rdacontenido 
337 |a sin mediación  |b n  |2 rdamedio 
338 |a volumen  |b nc  |2 rdasoporte 
501 |a Encuadernación particular 
561 |a Ex libris de E. de la Vega S.J. 
561 |a Ex libris de A. Espinosa M. Chavinda 
562 |a Falta cubierta 
649 |a XX 
650 |a Virgen María 
650 |a Dios 
650 |a Jesucristo -  |x Natividad 
650 |a Jesucristo -  |x Milagros 
650 |a Jesucristo -  |x Pasión 
650 |a Jesucristo -  |x Resurrección 
650 |a Jesucristo -  |x Divinidad 
650 |a Jesucristo 
650 |a Trinidad 
650 |a Iglesia Católica 
650 |a Profetas 
650 |a Oración (Religión) 
650 |a Milagros 
650 |a Encarnación -  |x Tema Principal 
650 |a Gracia (Teología) 
650 |a Escolástica -  |x Tema Principal 
650 |a Cristología 
650 |a Teología Doctrinal 
650 |a Catolicismo 
650 |a Cristianismo 
650 |a Religión 
650 |a Filosofía y Religión 
650 |a Filosofía Medieval -  |x Historia y Crítica 
650 |a Filosofía Italiana -  |x Historia y Crítica 
910 |a Fondo General 
920 |a Impresos - Libros 
930 |a Libros Antiguos y Raros 
905 |a 108 
901 |a 0500275501  |b IT2  |c LRA  |u 20250526 
902 |a https://opac.biblio.iteso.mx/vufind/Record/000380695